| 000 | 00713nam a22001937a 4500 | ||
|---|---|---|---|
| 999 |
_c11233 _d11233 |
||
| 003 | AR-CdUCM | ||
| 008 | 190402b ||||| |||| 00| 0 spa d | ||
| 040 |
_aMUNICIPALIDAD PROVINCIAL DEL CUSCO _cBIBLIOTECA MUNICIPAL DEL CUSCO |
||
| 082 |
_aES / 373.4511 / _bA11 |
||
| 110 |
_aSantillana, s.a. _928484 |
||
| 245 |
_aÁbaco 1 : _bMatemática / |
||
| 260 |
_aPerú : _bSantillana, s.a., _c1992. |
||
| 300 |
_a175 paginas _c28 cm. |
||
| 505 | _aContenido :Conjuntos -- Operaciones con conjuntos -- Correspondencia -- Números naturales -- Multiplicación y división en números naturales ... | ||
| 650 |
_aMatemática pura _920304 |
||
| 650 |
_aCiencias aplicadas _920077 |
||
| 942 |
_2ddc _cLIBROS |
||
| 945 | _arum | ||